[Event "Belgrade Investbank"]
[Site "Belgrade"]
[Date "1995.??.??"]
[Round "6"]
[White "Adams, Michael"]
[Black "Gelfand, Boris"]
[Result "0-1"]
[WhiteElo "2660"]
[BlackElo "2730"]
[Annotator "Gelfand,B"]
[PlyCount "118"]
[EventDate "1995.11.??"]
[EventType "tourn"]
[EventRounds "11"]
[EventCountry "YUG"]
[EventCategory "17"]
[SourceTitle "CBM 051"]
[Source "ChessBase"]
[SourceDate "1996.04.01"]
[SourceVersion "1"]
[SourceVersionDate "1996.04.01"]
[SourceQuality "1"]

1. d4 d5 2. Bg5 c6 3. e3 h6 4. Bh4 Qb6 5. b3 e5 6. Nf3 e4 7. Nfd2 $146 (7. Ne5
{Adams,M - Gelfand,B, Chalkidiki 1993}) 7... Ne7 8. c4 Nf5 9. Bg3 Nxg3 10. hxg3
Be6 (10... Qd8 $5) 11. Be2 Nd7 (11... Qd8 $5) 12. a3 (12. Nc3) 12... Be7 (12...
a5 13. Nc3 Be7 14. c5 Qd8 15. b4) (12... Qd8 $5 13. b4 Bd6) 13. Nc3 Nf6 14. b4
O-O 15. Rc1 Qd8 16. Nb3 b6 (16... Bd6 $5) 17. c5 a5 $6 (17... b5 18. a4 a6 $10)
18. bxa5 bxc5 19. dxc5 Nd7 20. Nd4 $1 (20. Na4 Rxa5 $1 21. Nxa5 Qxa5+ 22. Kf1
Ra8 23. Nb6 Nxb6 24. cxb6 Qxb6 $15) 20... Qc7 21. a6 Nxc5 (21... Bxc5 22. Qa4
$5 (22. Na4 Qa5+ 23. Rc3 Rfc8 $5 (23... Bxd4 24. Qxd4 c5 25. Nxc5 Rfc8 26. Na4)
24. O-O (24. Nxe6 fxe6 25. Bg4 Re8 26. O-O Rxa6) 24... Bxd4 25. exd4 c5 26.
dxc5 Nxc5 27. Rxc5 Rxc5 28. Nxc5 Qxc5 29. Qc1 $13) 22... Bxd4 23. exd4 Nb8) 22.
O-O Rfc8 23. Na2 $1 (23. Na4 Nxa4 24. Qxa4 c5 $15) 23... Bd7 (23... Nxa6 24.
Rxc6 Qb7 $10) 24. Nb4 Qd6 25. Qc2 (25. Bg4 Nxa6 26. Bxd7 Qxd7 27. Ndxc6 $10) (
25. Rc3 $5 {/\Qc2,Rc1} Nd3 $5 26. Nxd3 exd3 27. Qxd3 (27. Bxd3 c5 28. Nb5 (28.
Nf5 Bxf5 29. Bxf5 Rd8 $10) 28... Qb6 29. a4 Rxa6) 27... c5 28. Nf5 Bxf5 29.
Qxf5 c4 (29... Bf6 30. Rb3 (30. Rc2 c4 31. Bf3 {-29...c4}) 30... c4 31. Rb7 Rd8
32. Bh5 $1) 30. Bf3 Bf6 (30... Rc5 31. Rd1) 31. Rc2 (31. Bxd5 $140 Bxc3 32.
Qxf7+ Kh8 33. Bxa8 Rxa8 34. Qxc4 $13) 31... Qxa6 (31... Rc5 32. Rd1 d4 33. Qxc5
(33. Qe4 Rxa6 34. exd4 Rc8 $10) 33... Qxc5 34. Bxa8 $18 d3 35. Rxd3 Qa7 36.
Rxc4 Qxa8 $13) 32. Bxd5 Ra7 $14) 25... Bf8 (25... Nd3 26. Nxd3 exd3 27. Qxd3
Qxa3 $14 (27... c5 28. Nf5 Bxf5 29. Qxf5 c4 30. Bf3 Qxa6 31. Bxd5 $16)) 26.
Rfd1 g6 27. Rd2 h5 28. Nb3 (28. Qd1 Ne6) 28... Nxb3 29. Qxb3 Qe6 30. Qd1 Be7
31. Nc2 Qf6 32. Rb1 Ra7 $138 33. Nb4 Rca8 34. Qc1 Qd6 35. Rb3 Rc8 36. Rc3 Rcc7
37. Bd1 Bf6 38. Rc4 (38. Rc5 $5) 38... Be6 39. Be2 $2 $138 (39. Rxe4 c5 (39...
Qf8 $1 40. Rf4 Bg5 (40... Be5 41. Rh4) 41. Rfd4 (41. Rf3 Bg4 42. Nxc6 Rxa6 43.
Rc2 Qxa3 $19) 41... c5 (41... Bf6) 42. Nxd5 cxd4 43. Nxc7 dxe3 $19) 40. Nxd5
Bxd5 41. Bb3 Qxa6 $10 (41... c4 42. Rxc4 (42. Bxc4 Qc6)) (41... Bd4 42. Bxd5
Qxd5 43. Re8+ Kg7 44. exd4 cxd4 45. Qb2 $16)) (39. Rc5 $5 Be7 $140 40. Rxc6
Rxc6 41. Qxc6) (39. Rxc6 Rxc6 40. Qxc6 Qxc6 41. Nxc6 Rxa6 $10) 39... c5 $1 $17
40. Nxd5 (40. Na2 d4 $1 (40... Qxa6 41. Rxc5 Rxc5 42. Qxc5 Qxa3 $15)) 40...
Bxd5 41. Qd1 Rd7 $19 42. Rxe4 Qc6 43. Re8+ Kg7 44. Rb8 c4 $1 45. Rb7 c3 $1 46.
Bb5 (46. Rxa7 Rxa7 47. Rxd5 c2) 46... Qxb5 $1 47. Rxb5 cxd2 48. Qxd2 Bc4 49.
Qb4 Bxb5 50. Qxb5 Rd6 51. e4 Re6 52. Qd3 Rexa6 53. Kh2 Rxa3 54. Qd6 R3a6 55.
Qd3 Ra1 56. f4 Rc1 57. g4 hxg4 58. Qe2 Raa1 59. Kg3 Ra3+ 0-1

[Event "Aars get2net Cup GM"]
[Site "Aars"]
[Date "1999.10.18"]
[Round "3"]
[White "Pedersen, Steffen"]
[Black "Bekker Jensen, Simon"]
[Result "1/2-1/2"]
[WhiteElo "2427"]
[BlackElo "2436"]
[Annotator "Gershon,A"]
[PlyCount "51"]
[EventDate "1999.10.18"]
[EventType "tourn"]
[EventRounds "9"]
[EventCountry "DEN"]
[EventCategory "9"]
[SourceTitle "CBM 074"]
[Source "ChessBase"]
[SourceDate "2000.02.01"]
[SourceVersion "1"]
[SourceVersionDate "2000.02.01"]
[SourceQuality "1"]

1. d4 Nf6 2. Nf3 g6 3. Nc3 d5 4. Bf4 Bg7 5. e3 O-O 6. Be2 c6 7. Ne5 Nfd7 (7...
Nbd7 8. O-O Ne8 9. Nxd7 Bxd7 10. Bd3 Bc8 11. Qd2 Nd6 12. Rad1 Bf5 13. Bxd6 Qxd6
14. Bxf5 gxf5 15. Ne2 e6 16. Nf4 Bh6 17. Nd3 b6 18. f4 c5 $11 {1/2-1/2 Van der
Sterren,P-Douven,R/Hilversum 1988/EXT 97 (31)}) (7... Be6 $6 8. h4 Qa5 9. Kf1
Nbd7 10. h5 Nxe5 11. Bxe5 Ne4 12. Nxe4 dxe4 13. Bxg7 Kxg7 14. c4 Rad8 15. Qc2
f5 16. g3 Rf6 17. hxg6 hxg6 18. b4 $1 $16 {1/2-1/2 Brown,T-Larsen,K/Arizona
1990/EXT 97 (27)}) 8. Nf3 {I don't like white losing two tempi so early in the
game, but the possiblity of black taking on e5 doesn't attract me too much
either.} (8. h4 $5 f6 (8... Nxe5 9. Bxe5 Bxe5 10. dxe5 Nd7 11. f4 Qb6 12. Qd4
f6 13. O-O-O fxe5 14. fxe5 Qxd4 15. exd4 Rf4 16. g3 Rf2 17. Rdf1 Rxf1+ 18. Rxf1
Nf8 $11 {1/2-1/2 Murshed,N-Temirbaev,S/Moscow 1994/CBM 44 ext (21)}) 9. Nxd7
Nxd7 10. e4 $2 {white opens up the position in the center when black is much
better prepared for this kind of action} e5 11. Bg3 exd4 12. Qxd4 f5 13. e5 f4
14. Bxf4 Qb6 15. Qxb6 axb6 16. g3 Nxe5 $17 {0-1 Stefanova,A-Xie Jun/Linares
1997/CBM 58 (38)}) 8... Qb6 (8... Nf6 {Would be useful to see white's
intentions for this game...}) 9. a3 Re8 {[%cal Ge7e1,Ye7e5]} ({of course not} 
9... Qxb2 $4 {because of} 10. Na4) 10. O-O Nf6 {[%cal Gf6h5]} (10... e5 11.
dxe5 Nxe5 12. Nxe5 Bxe5 13. Bxe5 Rxe5 14. Qd4 Qxd4 15. exd4 Re7 16. Bd3 $14 {
[%csl Gc8]}) 11. h3 Bf5 {/\ Qb2} 12. Rb1 Nbd7 13. g4 Be6 14. Ng5 Nf8 15. b4 (
15. Na4 $5 Qd8 16. Nc5 Bc8 17. Nd3 {the N is better placced here than on c3})
15... h6 16. Nf3 Qd8 {moving the Q away from the annoying opposition with the
R.} 17. Bg3 (17. b5 $142 c5 {Otherwise white was threatenning to take on c6
and bring the knight to c5 with a great position.} 18. dxc5 Nxg4 19. hxg4 Bxc3
20. Nd4 Qc8 {[%csl Gc5,Gg4]} 21. c6 (21. Bxh6 Qxc5 $17 {[%csl Gg1]}) 21... bxc6
(21... Bxd4 22. cxb7 Qxb7 23. exd4 $16) 22. Nxc6 (22. bxc6 $5) 22... Bg7 23.
Bf3 $14) 17... h5 $2 {trying to create weaknesses in white's camp, but it also
gives up the g5 square and the h file which could get black into trouble} 18.
Ng5 hxg4 19. hxg4 Bd7 20. Kg2 N6h7 21. Nxh7 Nxh7 22. Rh1 (22. f4 $142 $5 f6 23.
Bd3 Nf8 24. Qf3 Qc8 25. f5 $16) 22... e5 23. dxe5 Bxe5 24. Bxe5 Rxe5 25. Qd4
Qf6 26. Rh2 {A dubious decision, since white has a clear advantage here.} (26.
Rh2 Nf8 27. Rbh1 Kg7 28. Rh8 $16) 1/2-1/2

[Event "Aars get2net Cup GM"]
[Site "Aars"]
[Date "1999.10.21"]
[Round "6"]
[White "Pedersen, Steffen"]
[Black "Mortensen, Erling"]
[Result "1/2-1/2"]
[WhiteElo "2427"]
[BlackElo "2445"]
[Annotator "Gershon,A"]
[PlyCount "54"]
[EventDate "1999.10.18"]
[EventType "tourn"]
[EventRounds "9"]
[EventCountry "DEN"]
[EventCategory "9"]
[SourceTitle "CBM 074"]
[Source "ChessBase"]
[SourceDate "2000.02.01"]
[SourceVersion "1"]
[SourceVersionDate "2000.02.01"]
[SourceQuality "1"]

1. d4 Nf6 2. Nf3 g6 3. Nc3 d5 4. Bf4 Bg7 5. e3 O-O 6. Be2 Bg4 7. Ne5 Bxe2 8.
Qxe2 c6 (8... Nbd7 9. O-O-O c5 (9... Rc8 10. e4 Nb6 11. Kb1 c5 12. Nxd5 Nfxd5
13. exd5 Nxd5 14. Bg3 cxd4 15. Rxd4 e6 16. c4 Qb6 17. Qd2 Nb4 18. a3 Na6 19.
Rd6 Qb3 20. Rc1 Nc5 $15 {0-1 Bosch,J-Sokolov,I/NLD-chT9596 1995/EXT 99 (43)})
10. h4 e6 11. g4 Rc8 12. f3 cxd4 13. exd4 Rxc3 14. bxc3 Qa5 15. Kd2 Rc8 16. Qd3
Nb6 17. Rb1 Ne8 18. Rb5 Qxa2 19. Rbb1 Qa3 20. Ra1 Qe7 21. g5 a6 22. Ng4 Nc4+
$44 {1/2-1/2 Malaniuk,V-Neverov,V/Kstovo 1997/CBM 59 (48)}) 9. O-O-O (9. h4 a5
10. g4 a4 11. a3 b5 12. Na2 Nfd7 13. h5 Nxe5 14. Bxe5 f6 15. Bxb8 Rxb8 16. f4
e5 17. hxg6 hxg6 18. f5 exd4 19. Qh2 Re8 20. O-O-O dxe3 21. Qh7+ Kf8 22. Qxg6
e2 $17 {0-1 Stefanova,A-Xie Jun/Erevan 1996/EXT 97 (33)}) 9... Nbd7 10. h4 Ne4
(10... Rc8 11. g4 b5 12. h5 b4 13. Nb1 Nxe5 14. Bxe5 Ne4 15. f3 Bxe5 16. fxe4
Bg7 17. hxg6 fxg6 18. g5 dxe4 19. Qh2 Rf5 20. Rdf1 $16 {1-0 Stefanova,A-Sziva,
E/Benasque 1997/EXT 98 (31)}) 11. Nxe4 dxe4 12. h5 Nxe5 13. dxe5 (13. Bxe5 Qa5
14. hxg6 (14. Bxg7 Kxg7 15. hxg6 fxg6 16. Qg4 Qxa2 17. Qh4 (17. Qxe4 Rxf2 18.
Qxe7+ Rf7 19. Qh4 Kg8 $13) 17... h5 18. Qxe7+ Rf7 19. Qe5+ Kh6 $36) 14... fxg6
15. Qc4+ Qd5 16. Qxd5+ cxd5 $15 {[%csl Gf2]}) 13... Qa5 14. hxg6 hxg6 ({
Of course not:} 14... fxg6 $4 15. Qc4+ Rf7 (15... Kh8 16. Rxh7+ Kxh7 17. Rh1+
Bh6 18. Bxh6 $18) 16. Rxh7 $18) 15. Qg4 $2 (15. Kb1 Rfd8 (15... Bxe5 16. Qg4
Rfd8 17. Rxd8+ Rxd8 18. Qh4 Qd5 $11) 16. Rd4 $11 {[%csl Ge4]}) 15... Qxa2 16.
c3 Rfd8 17. Qh4 Rxd1+ 18. Rxd1 Qe6 (18... Qa1+ 19. Kc2 Qa4+ 20. Kc1 $11) 19.
Qh3 f5 $6 {weakenning the pawn structure} (19... Qxh3 20. gxh3 Kf8 21. Rd7 b6
22. Rd4 (22. Bg5 Bxe5 23. Bxe7+ Ke8 24. Rb7 b5 $17) 22... a5 $15) 20. exf6 Qxh3
21. gxh3 Bxf6 (21... exf6 22. Rd7 b6 23. Rc7 c5 24. Rb7 $11 {[%cal Gf4b8]}) 22.
Rd7 b5 23. Rc7 a5 24. Rxc6 a4 25. Rb6 a3 26. bxa3 Rxa3 27. Rxb5 Rxc3+ 1/2-1/2

[Event "Reykjavik zt 1.3"]
[Site "Reykjavik"]
[Date "2000.09.05"]
[Round "1.1"]
[White "Agdestein, Simen"]
[Black "Olafsson, Helgi"]
[Result "1-0"]
[WhiteElo "2590"]
[BlackElo "2478"]
[Annotator "Gershon,A"]
[PlyCount "87"]
[EventDate "2000.09.05"]
[EventType "k.o."]
[EventRounds "3"]
[EventCountry "ISL"]
[SourceTitle "CBM 079"]
[Source "ChessBase"]
[SourceDate "2000.11.21"]
[SourceVersion "1"]
[SourceVersionDate "2000.11.21"]
[SourceQuality "1"]

1. d4 d5 2. Bg5 c6 3. Nf3 h6 4. Bh4 Qb6 5. b3 (5. Qc1 g5 (5... Bf5 6. c4 e6 7.
Nc3 Be7 8. Bg3 Nf6 9. e3 (9. c5 Qd8 10. e3 O-O 11. h3 Nbd7 12. b4 Ne4 13. Nxe4
Bxe4 14. Nd2 Bg6 15. Qc3 Bh4 16. Bd6 Re8 17. Bd3 Bxd3 18. Qxd3 e5 19. O-O a6
20. a4 e4 21. Qe2 Re6 $11 {1-0 Hodgson,J-Turner,M/Kilkenny IRL 1999 (38)}) 9...
Nbd7 (9... O-O 10. Be2 Ne4 11. Nxe4 Bxe4 12. O-O Nd7 13. Nd2 Bg6 14. c5 Qd8 15.
b4 a6 16. Nb3 Bf6 17. Na5 Ra7 18. Bd6 Be7 19. Bxe7 Qxe7 20. Qb2 e5 21. dxe5
Nxe5 22. Rad1 Nd7 23. Rd4 Nf6 24. Rc1 Ne4 25. Bd3 f5 $36 {0-1 Hodgson,
J-Vescovi,G/Mermaid Beach 1998/CBM 62 ext (43)}) 10. c5 Qd8 11. Be2 Ne4 12.
Nxe4 Bxe4 13. b4 Bxf3 14. gxf3 Bh4 15. f4 Bxg3 16. hxg3 b6 17. g4 bxc5 18. bxc5
Qa5+ 19. Qd2 Qxd2+ 20. Kxd2 Ke7 21. Rhb1 Rhb8 22. Rb3 Kd8 23. Ba6 Kc7 24. Rab1
$16 {1-0 Hodgson,J-Abdulla,A/Scarborough 1999/CBM 71 ext (37)}) (5... Bg4 6.
Nbd2 Nd7 7. e3 e6 8. c4 Be7 9. Bg3 Ngf6 10. Bd3 Bxf3 11. Nxf3 Qa5+ 12. Nd2 Nh5
13. a3 Nxg3 14. hxg3 dxc4 15. Qxc4 O-O 16. b4 Qd5 17. Be4 Qd6 18. Nb3 e5 19.
Rd1 Bf6 $2 (19... Rad8 20. d5 $140 Nf6) 20. d5 Nb6 21. Qc5 Rad8 22. Qxd6 Rxd6
23. dxc6 Rxd1+ 24. Kxd1 bxc6 25. Na5 $16 {1-0 Hodgson,J-Gurevich,M/Delmenhorst
GER 2000/The Week in Chess 276 (48)}) 6. Bg3 g4 7. Ne5 Qxd4 8. c4 Bg7 9. e3 Qc5
10. Nd2 Nd7 11. Nd3 Qb6 12. a4 Nc5 13. cxd5 Nxd3+ 14. Bxd3 cxd5 (14... Bxb2 15.
a5 Qb4 16. Qb1 Nf6 17. Ra4 Qxa4 18. Qxb2 Qxa5 19. d6 Bf5 20. e4 Bxe4 21. Bxe4
Nxe4 22. O-O (22. Qxh8+ Kd7 23. Qd4 Qxd2+ 24. Qxd2 Nxd2 25. Kxd2 exd6 $15)
22... Nxg3 23. Qxh8+ Kd7 24. Qxa8 Ne2+ 25. Kh1 Qxd2 26. dxe7 $16 {1-0 Hodgson,
J-Lalic,B/Scarborough 1999/CBM 71 ext (70)}) 15. Bb5+ Kf8 16. O-O Bf5 $1 $146 {
Only this is a new move! Black is preventing e4 and threatenning to take over
thje initiative with Rc8. White will have to find something because in the
game it worked fine for black} (16... a6 17. e4 $1 Be6 (17... axb5 $2 18. axb5
Bxb2 $8 19. Qxb2 Rxa1 20. Rxa1 $16) 18. exd5 Bxd5 19. Bc4 {1/2-1/2 Hodgson,
J-Krasenkow,M/Germany 1998/GER-chT (19)}) 17. Bc7 (17. e4 $5 Bxe4 (17... dxe4
$143 18. Nc4 Qg6 (18... Qe6 $2 {[%cal Gg8f6,Gf6h5]} 19. Rd1 {[%cal Gb5d7]} Nf6
20. Ne3 {[%cal Gb5c4]} Rc8 $140 21. Qc7 $3 $16 {[%cal Gd1d8,Gc7b7]}) 19. Rd1 h5
20. Qd2 {[%cal Gd2d8]} Bf6 $17)) 17... Qg6 18. Qc5 Nf6 19. a5 a6 20. Ba4 Ne8 {
[%csl Rb2][%cal Yf8g7,Gg7b2]} 21. Bf4 $6 (21. Bxe8 $142 Rxe8 22. Qxd5 Bxb2 23.
Ra2 $1 Be6 24. Qxb7 Bf6 $15) 21... Bxb2 22. Rab1 $2 (22. Ra2 Bg7 23. Qxd5 Qe6
24. Qxe6 Bxe6 $15) 22... Rc8 23. Qxd5 Bxb1 24. Qxb7 Rc1 $6 (24... Bf5 25. Qxb2
Nf6 $19) 25. Rxc1 Bxc1 26. Nxb1 Kg7 27. Be5+ Nf6 28. Qxe7 Bb2 $1 29. Bc2 (29.
Bxb2 Qxb1+ $19) (29. Nd2 Bxe5 30. Qxe5 Rc8 $19) 29... Rc8 $1 (29... Qxc2 $4 30.
Qxf6+ Kf8 31. Qd8#) 30. Nc3 (30. Bxb2 Rxc2 $19) 30... Qxc2 31. Qxf6+ Kf8 32.
Qxh6+ (32. Qh8+ Ke7 33. Qf6+ Ke8 34. Qh8+ Kd7 $19) 32... Ke8 33. h4 Bxc3 34.
Bf4 Qg6 {0-1 Hodgson,J-Godena,M/Mondariz 2000/CBM 79_02/[Gershon] (34)}) 5...
Bf5 6. e3 e6 (6... Nd7 7. Bd3 Bxd3 8. Qxd3 Ngf6 9. O-O e6 10. Nbd2 Be7 11. c4
O-O 12. c5 Qd8 13. b4 Nh5 14. Bg3 Nxg3 15. hxg3 Qc7 16. Qc3 Bf6 17. Rab1 b5 18.
a4 a6 19. Ra1 e5 20. Ra3 exd4 21. exd4 Rfe8 22. axb5 $2 (22. Rfa1 $14) 22...
axb5 23. Rfa1 Rxa3 24. Qxa3 Nf8 $15 {[%csl Rd4][%cal Gf8e6] 1/2-1/2 Lobron,
E-Breutigam,M/Wattenscheid GER 2000/The Week in Chess 280 (55)}) (6... Qa5+ 7.
Qd2 Qxd2+ 8. Kxd2 g5 9. Bg3 Nf6 10. Bd3 Ne4+ 11. Bxe4 Bxe4 12. Ne1 Nd7 13. f3
Bh7 14. Nd3 e6 15. Nc3 Rg8 16. e4 f6 $11 {0-1 Thorfinnsson,B-Markowski,T/
Reykjavik ISL 2000/The Week in Chess 284 (49)}) 7. Bd3 Bxd3 8. Qxd3 Be7 9. Bxe7
Nxe7 10. c4 O-O 11. Nc3 (11. c5 Qc7 12. b4 a6 13. Nc3 Nd7 $11 {[%cal Ge6e5]})
11... Nd7 12. O-O Rad8 13. Rfd1 dxc4 14. bxc4 e5 15. a4 $6 (15. Rab1 $142 Qa6
16. d5 Nc5 17. Qc2 Ng6 $14 (17... cxd5 18. cxd5 $16) (17... Qxc4 18. Nxe5 $16))
15... exd4 16. exd4 Ng6 {[%cal Gd7e5]} (16... Nc5 17. dxc5 Rxd3 18. cxb6 Rxc3
19. Rd7 $16) 17. Ne4 Qa6 (17... Nde5 18. Nxe5 Nxe5 $11) 18. Qb3 b6 19. a5 $5
bxa5 20. c5 Nf4 21. Nd6 Rb8 22. Qa3 a4 $6 {saving the pawn for a while but
missing a golden oportunity to transfer the Q to the K side} (22... Qe2 $142
23. Re1 Qc2 $13 {[%cal Gc2g6,Yf4d3]}) 23. Re1 $1 {[%csl Re2][%cal Ge1e7]} (23.
Qxa4 $4 Qxa4 24. Rxa4 Ne2+ 25. Kf1 Nc3) 23... Nd3 24. Re3 $1 (24. Re7 $2 Nf6
25. Ne5 (25. Rxf7 Rxf7 26. Nxf7 Kxf7 27. Qxd3 Qxd3 28. Ne5+ Ke6 29. Nxd3 Kd5
$17) 25... Nxe5 26. dxe5 Nd5 $15) 24... Nb4 25. Rc3 Nf6 26. Rc4 {[%csl Ra4,Ra7]
[%cal Ga1a7]} Nfd5 (26... Qa5 27. Ne5 $16) 27. Ne5 $16 {[%csl Rb4,Rf7][%cal
Ge5d7,Yd7f8,Yd7b8,Gd5b4,Gb8b4,Gf8f7] all the black pieces are tied up, and
cannot prevent the Nd7 threat} f6 {there is really nothing better} 28. Nd7 Rfd8
(28... Rbd8 29. Nxf8 Rxd6 30. cxd6 Qxc4 31. d7 $18) 29. Nxb8 Rxb8 30. h4 Qa5
31. Qxa4 Qxa4 32. Rxa4 {the rest is a matter of simple technique} Nd3 {[%csl
Rf2][%cal Gb8b1]} 33. Rc2 Rb1+ 34. Kh2 Rf1 35. Ne4 Re1 36. Ng3 g6 {[%cal Gf6f4]
} 37. Rxa7 f5 38. Rd2 N5b4 39. Ra3 f4 40. Nh1 (40. Rdxd3 Nxd3 41. Rxd3 fxg3+
42. Kxg3 {also wins, but the text is faster and easier}) 40... Nc1 41. Rb2 Ncd3
42. Rbb3 Rd1 43. Ra4 Nd5 44. Rb7 1-0

[Event "Mondariz zt 1.1"]
[Site "Mondariz"]
[Date "2000.09.04"]
[Round "2"]
[White "Hodgson, Julian M"]
[Black "Godena, Michele"]
[Result "0-1"]
[WhiteElo "2640"]
[BlackElo "2485"]
[Annotator "Gershon,A"]
[PlyCount "68"]
[EventDate "2000.09.03"]
[EventType "swiss"]
[EventRounds "11"]
[EventCountry "ESP"]
[SourceTitle "CBM 079"]
[Source "ChessBase"]
[SourceDate "2000.11.21"]
[SourceVersion "1"]
[SourceVersionDate "2000.11.21"]
[SourceQuality "1"]

1. d4 d5 2. Bg5 {Hodgson's pet variaiton. (on both Nf6 and d5).These positions
require a special posiitonal understanding.} h6 3. Bh4 c6 4. Nf3 Qb6 5. Qc1 ({
the other possibility is naturally:} 5. b3 Bf5 6. e3 Nd7 (6... Qa5+ 7. Qd2
Qxd2+ 8. Kxd2 g5 9. Bg3 Nf6 10. Bd3 Ne4+ 11. Bxe4 Bxe4 12. Ne1 Nd7 13. f3 Bh7
14. Nd3 e6 15. Nc3 Rg8 16. e4 f6 $11 {0-1 Thorfinnsson,B-Markowski,T/Reykjavik
ISL 2000/The Week in Chess 284 (49)}) 7. Bd3 Bxd3 8. Qxd3 Ngf6 9. O-O e6 10.
Nbd2 Be7 11. c4 O-O 12. c5 Qd8 13. b4 Nh5 14. Bg3 Nxg3 15. hxg3 Qc7 16. Qc3 Bf6
17. Rab1 b5 18. a4 a6 19. Ra1 e5 20. Ra3 exd4 21. exd4 Rfe8 22. axb5 $2 (22.
Rfa1 $14) 22... axb5 23. Rfa1 Rxa3 24. Qxa3 Nf8 $15 {[%csl Rd4][%cal Gf8e6] 1/
2-1/2 Lobron,E-Breutigam,M/Wattenscheid GER 2000/The Week in Chess 280 (55)})
5... g5 (5... Bf5 6. c4 e6 7. Nc3 Be7 8. Bg3 Nf6 9. e3 (9. c5 Qd8 10. e3 O-O
11. h3 Nbd7 12. b4 Ne4 13. Nxe4 Bxe4 14. Nd2 Bg6 15. Qc3 Bh4 16. Bd6 Re8 17.
Bd3 Bxd3 18. Qxd3 e5 19. O-O a6 20. a4 e4 21. Qe2 Re6 $11 {1-0 Hodgson,
J-Turner,M/Kilkenny IRL 1999 (38)}) 9... Nbd7 (9... O-O 10. Be2 Ne4 11. Nxe4
Bxe4 12. O-O Nd7 13. Nd2 Bg6 14. c5 Qd8 15. b4 a6 16. Nb3 Bf6 17. Na5 Ra7 18.
Bd6 Be7 19. Bxe7 Qxe7 20. Qb2 e5 21. dxe5 Nxe5 22. Rad1 Nd7 23. Rd4 Nf6 24. Rc1
Ne4 25. Bd3 f5 $36 {0-1 Hodgson,J-Vescovi,G/Mermaid Beach 1998/CBM 62 ext (43)}
) 10. c5 Qd8 11. Be2 Ne4 12. Nxe4 Bxe4 13. b4 Bxf3 14. gxf3 Bh4 15. f4 Bxg3 16.
hxg3 b6 17. g4 bxc5 18. bxc5 Qa5+ 19. Qd2 Qxd2+ 20. Kxd2 Ke7 21. Rhb1 Rhb8 22.
Rb3 Kd8 23. Ba6 Kc7 24. Rab1 $16 {1-0 Hodgson,J-Abdulla,A/Scarborough 1999/CBM
71 ext (37)}) (5... Bg4 6. Nbd2 Nd7 7. e3 e6 8. c4 Be7 9. Bg3 Ngf6 10. Bd3 Bxf3
11. Nxf3 Qa5+ 12. Nd2 Nh5 13. a3 Nxg3 14. hxg3 dxc4 15. Qxc4 O-O 16. b4 Qd5 17.
Be4 Qd6 18. Nb3 e5 19. Rd1 Bf6 $2 (19... Rad8 20. d5 $140 Nf6) 20. d5 Nb6 21.
Qc5 Rad8 22. Qxd6 Rxd6 23. dxc6 Rxd1+ 24. Kxd1 bxc6 25. Na5 $16 {1-0 Hodgson,
J-Gurevich,M/Delmenhorst GER 2000/The Week in Chess 276 (48)}) 6. Bg3 g4 7. Ne5
Qxd4 8. c4 Bg7 9. e3 Qc5 10. Nd2 Nd7 11. Nd3 Qb6 12. a4 Nc5 13. cxd5 Nxd3+ 14.
Bxd3 cxd5 (14... Bxb2 15. a5 Qb4 16. Qb1 Nf6 17. Ra4 Qxa4 18. Qxb2 Qxa5 19. d6
Bf5 20. e4 Bxe4 21. Bxe4 Nxe4 22. O-O (22. Qxh8+ Kd7 23. Qd4 Qxd2+ 24. Qxd2
Nxd2 25. Kxd2 exd6 $15) 22... Nxg3 23. Qxh8+ Kd7 24. Qxa8 Ne2+ 25. Kh1 Qxd2 26.
dxe7 $16 {1-0 Hodgson,J-Lalic,B/Scarborough 1999/CBM 71 ext (70)}) 15. Bb5+ Kf8
16. O-O Bf5 $1 $146 {Only this is a new move! Black is preventing e4 and
threatenning to take over thje initiative with Rc8. White will have to find
something because in the game it worked fine for black} (16... a6 17. e4 $1 Be6
(17... axb5 $2 18. axb5 Bxb2 $8 19. Qxb2 Rxa1 20. Rxa1 $16) 18. exd5 Bxd5 19.
Bc4 {1/2-1/2 Hodgson,J-Krasenkow,M/Germany 1998/GER-chT (19)}) 17. Bc7 (17. e4
$5 Bxe4 (17... dxe4 $143 18. Nc4 Qg6 (18... Qe6 $2 {[%cal Gg8f6,Gf6h5]} 19. Rd1
{[%cal Gb5d7]} Nf6 20. Ne3 {[%cal Gb5c4]} Rc8 $140 21. Qc7 $3 $16 {[%cal Gd1d8,
Gc7b7]}) 19. Rd1 h5 20. Qd2 {[%cal Gd2d8]} Bf6 $17)) 17... Qg6 18. Qc5 Nf6 19.
a5 a6 20. Ba4 Ne8 {[%csl Rb2][%cal Yf8g7,Gg7b2]} 21. Bf4 $6 (21. Bxe8 $142 Rxe8
22. Qxd5 Bxb2 23. Ra2 $1 Be6 24. Qxb7 Bf6 $15) 21... Bxb2 22. Rab1 $2 (22. Ra2
Bg7 23. Qxd5 Qe6 24. Qxe6 Bxe6 $15) 22... Rc8 23. Qxd5 Bxb1 24. Qxb7 Rc1 $6 (
24... Bf5 25. Qxb2 Nf6 $19) 25. Rxc1 Bxc1 26. Nxb1 Kg7 27. Be5+ Nf6 28. Qxe7
Bb2 $1 29. Bc2 (29. Bxb2 Qxb1+ $19) (29. Nd2 Bxe5 30. Qxe5 Rc8 $19) 29... Rc8
$1 (29... Qxc2 $4 30. Qxf6+ Kf8 31. Qd8#) 30. Nc3 (30. Bxb2 Rxc2 $19) 30...
Qxc2 31. Qxf6+ Kf8 32. Qxh6+ (32. Qh8+ Ke7 33. Qf6+ Ke8 34. Qh8+ Kd7 $19) 32...
Ke8 33. h4 Bxc3 34. Bf4 Qg6 0-1